[Event "Haarlem op"]
[Site "Haarlem"]
[Date "1996.??.??"]
[Round "6"]
[White "Strating, Sybolt"]
[Black "Ye Rongguang"]
[Result "0-1"]
[WhiteElo "2310"]
[BlackElo "2475"]

1.c4 c6 2.d4 d5 3.Nc3 dxc4 4.e4 b5 5.a4 b4 6.Na2 Nf6 7.f3 e5 8.Bxc4 Qxd4
9.Qe2 Qb6 10.Be3 Bc5 11.Bxf7+ Kxf7 12.Qc4+ Be6 13.Qxc5 Qxc5 14.Bxc5 Na6 15.Bd6 Bxa2  0-1

[Event "Haarlem op"]
[Site "Haarlem"]
[Date "1996.??.??"]
[Round "6"]
[White "Lalic, Bogdan"]
[Black "Rausis, Igors"]
[Result "1/2-1/2"]
[WhiteElo "2575"]
[BlackElo "2490"]

1.c4 c6 2.e4 d5 3.exd5 cxd5 4.cxd5 Nf6 5.Nc3 Nxd5 6.Nf3 Nc6 7.Bb5 Nxc3 8.bxc3 Qd5
9.Qe2 Bg4 10.c4 Qf5 11.Bxc6+ bxc6 12.h3 Bxf3 13.Qxf3 Qxf3 14.gxf3 Rb8 15.d3 e5
16.Be3 c5 17.Kd2 Bd6 18.Rab1 Kd7 19.Rb3  1/2-1/2

[Event "Hafnarfjordur op"]
[Site "Hafnarfjordur"]
[Date "1996.??.??"]
[Round "2"]
[White "Gunnarsson, Arnar"]
[Black "Ragnarsson, Johann Hjortur"]
[Result "1-0"]
[WhiteElo "2225"]
[BlackElo "2100"]

1.c4 c6 2.e4 d5 3.cxd5 cxd5 4.exd5 Nf6 5.Qa4+ Nbd7 6.Nc3 g6 7.Nf3 Bg7 8.d4 O-O
9.Be3 Nb6 10.Qb3 Bf5 11.Be2 Rc8 12.O-O a5 13.Rac1 Qd6 14.Ne5 Qb4 15.Bf3 h5
16.h3 Rfd8 17.g4 hxg4 18.hxg4 Bd7 19.g5 Ne8 20.Qc2 Bf5 21.Qe2 Nd6 22.a3 Qb3
23.Bf4 Nbc4 24.Nd1 Bxe5 25.dxe5 Bd3 26.Qe1 Bxf1 27.Rc3 Qa2 28.exd6 Nxd6 29.Qxf1 Rxc3
30.Nxc3 Qc4 31.Bxd6 Qxf1+ 32.Kxf1 exd6 33.Ke2 Kf8 34.Kd3 Rc8 35.Bg4 Rc5 36.f4 b5
37.Bf3 b4 38.axb4 axb4 39.Na2 b3 40.Nc3 Ke7 41.Bd1 f6 42.gxf6+ Kxf6 43.Ne4+  1-0

[Event "GER-ch U20"]
[Site "Halle"]
[Date "1996.??.??"]
[Round "4"]
[White "Wilhelmi, Christian"]
[Black "Lytchak, Alexander"]
[Result "1/2-1/2"]
[WhiteElo "2355"]
[BlackElo "2295"]

1.c4 c6 2.Nf3 Nf6 3.d4 d5 4.Nc3 a6 5.a4 e6 6.Bg5 Bb4 7.Qb3 a5 8.e3 O-O 9.Bd3 Na6
10.O-O Be7 11.Rac1 Nb4 12.Bb1 h6 13.Bh4 b6 14.cxd5 cxd5 15.Ne5 Nd7 16.Bxe7 Qxe7
17.Nb5 Nxe5 18.dxe5 Ba6 19.Rc7 Qh4 20.Rfc1 Bxb5 21.axb5 Qh5 22.Qc3 Qe2 23.Rb7 Qxb5
24.Qc7 Na6 25.Qxb6 Qxb6 26.Rxb6 Rfb8 27.Rxb8+ Rxb8 28.Rc6 Nb4 29.Rc5 g5 30.g4 Na6
31.Rxa5 Rxb2 32.Rxa6 Rxb1+ 33.Kg2 Rb4 34.f3 Rb2+ 35.Kg3 Re2 36.Ra3 Kg7 37.h4  1/2-1/2

[Event "Hallsberg op"]
[Site "Hallsberg"]
[Date "1996.??.??"]
[Round "5"]
[White "Karlsson, Lars"]
[Black "Hellsten, Johan"]
[Result "1/2-1/2"]
[WhiteElo "2465"]
[BlackElo "2475"]

1.c4 c6 2.Nc3 d5 3.d4 Nf6 4.Nf3 a6 5.e3 b5 6.cxb5 cxb5 7.Bd3 e6 8.O-O Nbd7
9.Ne5 Bb7 10.f4 Be7 11.a4 b4 12.Ne2 a5 13.Bd2 O-O 14.Ng3 Qb6 15.Rc1 Rfc8
16.Qe2 Rxc1 17.Rxc1 Rc8 18.Qf1 Rxc1 19.Qxc1 Nxe5 20.fxe5 Ne4 21.Nxe4 dxe4
22.Bb5 Bd5 23.Be1 Qb7 24.Bg3  1/2-1/2

[Event "Hallsberg op"]
[Site "Hallsberg"]
[Date "1996.??.??"]
[Round "7"]
[White "Leito, Priit"]
[Black "Gretarsson, Helgi Ass"]
[Result "1/2-1/2"]
[WhiteElo "2310"]
[BlackElo "2450"]

1.c4 c6 2.e4 d5 3.exd5 cxd5 4.cxd5 Nf6 5.Nc3 Nxd5 6.Nf3 Nc6 7.d4 Bg4 8.Qb3 Bxf3
9.gxf3 e6 10.Qxb7 Nxd4 11.Bb5+ Nxb5 12.Qc6+ Ke7 13.Qxb5 Qd7 14.Nxd5+ Qxd5
15.Qxd5 exd5 16.Be3 Ke6 17.Rc1 Bd6 18.Ke2 Rhc8 19.h3 Be5 20.Rxc8 Rxc8 21.Rc1 Rxc1
22.Bxc1 d4  1/2-1/2

[Event "Helsinki We op"]
[Site "Helsinki"]
[Date "1996.??.??"]
[Round "2"]
[White "Seppanen, Asko"]
[Black "Tella, Jussi"]
[Result "0-1"]
[WhiteElo "2290"]
[BlackElo "2310"]

1.c4 c6 2.e4 d5 3.exd5 cxd5 4.d4 Nf6 5.Nc3 e6 6.Nf3 Bb4 7.Qa4+ Nc6 8.Ne5 Bd7
9.Nxc6 Bxc3+ 10.bxc3 Bxc6 11.Qa3 dxc4 12.Bxc4 Qc7 13.Bf1 e5 14.Be3 Nd5 15.c4 Nxe3
16.fxe3 exd4 17.exd4 O-O-O 18.O-O-O Qf4+ 19.Kb1 Rxd4 20.Qh3+ Bd7 21.Rxd4 Qxd4
22.Qd3 Qe5  0-1

[Event "ROM-chT"]
[Site "Herculane"]
[Date "1996.??.??"]
[Round "?"]
[White "Foisor, Cristina Adela B"]
[Black "Zhukova, Natalia"]
[Result "0-1"]
[WhiteElo "2375"]
[BlackElo "2335"]

1.c4 c6 2.e4 d5 3.cxd5 cxd5 4.exd5 Nf6 5.Nc3 Nxd5 6.Qb3 e6 7.Nf3 Nc6 8.d4 Be7
9.a3 O-O 10.Bd3 Bf6 11.Qc2 h6 12.Be3 Nxc3 13.bxc3 e5 14.O-O exd4 15.Nxd4 Nxd4
16.cxd4 Be6 17.Rac1 Bd5 18.Qe2 Qd7 19.Qh5 Rfe8 20.Rc5 Rad8 21.Rfc1 a6 22.h3 Be4
23.Bxe4 Rxe4 24.Rc7 Qe6 25.Qf3 Bxd4 26.Rd1 b5 27.Rb7 Rd5 28.Rxf7 Bxe3 29.Rf8+ Kh7
30.Rxd5 Bxf2+ 31.Kxf2 Qxd5 32.Qf5+ Qxf5+ 33.Rxf5 Kg6 34.Rf3 Re6 35.Rb3 Kf6
36.a4 Re5 37.axb5 axb5 38.Rd3 b4 39.Rb3 Rb5 40.Ke2 Ke5 41.Kd3 Kd5 42.Rb1 b3
43.Rb2 Rb6 44.Rd2 Ke5 45.Rb2 Kf4 46.Kd4 h5 47.Rf2+ Kg3 48.Rb2 h4 49.Ke5 Rb5+
50.Ke4 Rg5 51.Rxb3+ Kxg2 52.Rb1 Rg3 53.Kf4 g5+ 54.Kf5 Kxh3 55.Rb2 g4 56.Rb1 Kh2
57.Kg5 h3 58.Kh4 Rg1 59.Rb2+ Kh1 60.Ra2 h2 61.Rb2 g3 62.Ra2 g2  0-1

[Event "Hlohovec op"]
[Site "Hlohovec"]
[Date "1996.??.??"]
[Round "4"]
[White "Kamenets, Anatolij"]
[Black "Krivoshey, Sergei"]
[Result "1-0"]
[WhiteElo "2340"]
[BlackElo "2430"]

1.c4 c6 2.Qa4 e5 3.Nc3 Nf6 4.Nf3 d6 5.d4 Nbd7 6.e3 g6 7.Be2 Bg7 8.Qa3 Qe7
9.O-O e4 10.Nd2 O-O 11.b4 Re8 12.Qb3 h5 13.Bb2 h4 14.h3 Nf8 15.d5 N8h7 16.Rfd1 Ng5
17.Bf1 Bf5 18.Ne2 c5 19.bxc5 dxc5 20.a4 Red8 21.a5 Ne8 22.Bxg7 Kxg7 23.Rdb1 Nd6
24.Nc3 Rac8 25.Qa3 Rc7 26.Na4 Rdc8 27.Nb3 Bxh3 28.Qb2+ f6 29.gxh3 Nf3+ 30.Kg2 Nf7
31.Nd2 N7g5 32.Be2 Qd7 33.Rh1 Qf5 34.Nc3 Nxh3 35.Ndxe4 Nfg5 36.f3 Qe5 37.Rxh3 Nxh3
38.Kxh3 f5 39.f4 Qe8 40.Nd1+ Kh6 41.Nd6  1-0

[Event "Hlohovec op"]
[Site "Hlohovec"]
[Date "1996.??.??"]
[Round "7"]
[White "Kaposztas, Miklos"]
[Black "Koutsin, Sergey"]
[Result "1/2-1/2"]
[WhiteElo "2310"]
[BlackElo "2435"]

1.c4 c6 2.d4 d5 3.Nf3 e6 4.cxd5 exd5 5.Nc3 Nf6 6.Bg5 Be7 7.e3 Bf5 8.Bd3 Bxd3
9.Qxd3 Nbd7 10.O-O O-O 11.Bxf6 Nxf6 12.Rab1 a5 13.a3  1/2-1/2

[Event "NLD-chT9697"]
[Site "Holland"]
[Date "1996.??.??"]
[Round "?"]
[White "Tonoli, Walter"]
[Black "Van der Vliet, Fred"]
[Result "0-1"]
[WhiteElo "2290"]
[BlackElo "2330"]

1.c4 c6 2.Nf3 Nf6 3.b3 g6 4.Bb2 Bg7 5.g3 O-O 6.Bg2 d6 7.d4 Nbd7 8.O-O Qc7
9.Nc3 Re8 10.e3 e5 11.Rc1 exd4 12.Nxd4 Nc5 13.Qc2 a5 14.Rfe1 Bd7 15.Rcd1 Qb6
16.Ba3 Rad8 17.h3 Bc8 18.Kh2 Re5 19.e4 Rh5 20.f3 Re5 21.Bc1 Ree8 22.Be3 Qc7
23.a3 Re7 24.b4 axb4 25.axb4 Na6 26.Rb1 Nh5 27.Na4 d5 28.cxd5 cxd5 29.b5 Nb8
30.Rec1 Qd6 31.Ne2 Nd7 32.Nb6 Nxb6 33.Bxb6 Qe6 34.f4 dxe4 35.Nd4 Qxb6 36.g4 Bxd4  0-1

[Event "HUN-chT1 9596"]
[Site "HUN"]
[Date "1996.??.??"]
[Round "12"]
[White "Farago, Ivan"]
[Black "Kallai, Gabor"]
[Result "1/2-1/2"]
[WhiteElo "2515"]
[BlackElo "2500"]

1.c4 c6 2.d4 d5 3.Nc3 Nf6 4.Nf3 a6 5.Ne5 e6 6.g3 Nbd7 7.Bg2 Nxe5 8.dxe5 Nd7
9.cxd5 exd5 10.e4 d4 11.Qxd4 Bc5 12.Qd1 Nxe5 13.Qxd8+ Kxd8 14.O-O Ke7 15.Na4 Bd4
16.Bd2 a5 17.Rad1 Rd8 18.Bc3 Bxc3 19.Rxd8 Kxd8 20.Nxc3 Ke7 21.f4 Nc4 22.Rf2 a4
23.Bf1 Ne3 24.Bd3 Bg4 25.a3 Rd8 26.Be2 b5 27.Bxg4 Nxg4 28.Rf3 Rd2 29.h3 Nf6
30.Rf2 Rd4 31.Re2 Rd3 32.Kh2 Nh5 33.Rg2 f6 34.h4 g6 35.Rg1 h6 36.Rg2 g5 37.hxg5 hxg5
38.fxg5 fxg5 39.Na2 Rb3 40.Nc3 Ke6 41.Re2 Nf6 42.Kh3 Nd7 43.Kg4 Ne5+ 44.Kxg5 Nc4
45.Nd1 Rxg3+ 46.Kf4 Rd3 47.Nc3 Ne5 48.Re3 Rd2 49.Re2 Rxe2 50.Nxe2 Nd3+ 51.Ke3 Nxb2
52.Kd4 Kd7 53.Kc5 Nd3+ 54.Kd4 Ne1 55.Kc5 Nc2 56.e5 Kc7 57.e6 Na1 58.e7 Nb3+
59.Kb4 Kd7 60.Nc3 Nd4 61.Kc5 Ne6+ 62.Kb6 Nd4 63.Kc5 Ne6+ 64.Kb6 Nc7 65.e8=Q+ Nxe8
66.Nxb5 Nf6 67.Nd4 Nd5+ 68.Ka5 c5 69.Nc2 Nc3 70.Ne3 Kc6  1/2-1/2

[Event "Chess.net m2 blitz"]
[Site "Internet"]
[Date "1996.??.??"]
[Round "1"]
[White "Stefansson, Hannes"]
[Black "Lakdawala, Cyrus"]
[Result "1-0"]
[WhiteElo "2480"]
[BlackElo "2360"]

1.c4 c6 2.Nf3 d5 3.d4 Nf6 4.Nc3 dxc4 5.a4 Bg4 6.Ne5 Bh5 7.f3 Nfd7 8.Nxc4 e5
9.g3 Bb4 10.dxe5 O-O 11.Bg2 b5 12.axb5 cxb5 13.f4 bxc4 14.Bxa8 Qb6 15.Bg2 Nc5
16.Be3 f6 17.O-O fxe5 18.Nd5 Qb5 19.Nxb4 Qxb4 20.Qd5+  1-0

[Event "Ischia"]
[Site "Ischia"]
[Date "1996.??.??"]
[Round "2"]
[White "Hodgson, Julian M"]
[Black "Sadler, Matthew"]
[Result "1/2-1/2"]
[WhiteElo "2615"]
[BlackElo "2600"]

1.c4 c6 2.Nf3 d5 3.cxd5 cxd5 4.d4 Nf6 5.Nc3 Nc6 6.Bf4 a6 7.Ne5 e6 8.e3 Nxe5
9.Bxe5 Bd7 10.Bd3 Bc6 11.Qf3 Nd7 12.Bg3  1/2-1/2

[Event "ISR-chT"]
[Site "Israel"]
[Date "1996.??.??"]
[Round "2"]
[White "Kanstler, Boris"]
[Black "Bykhovsky, Avigdor"]
[Result "1/2-1/2"]
[WhiteElo "2475"]
[BlackElo "2405"]

1.c4 c6 2.d4 d5 3.cxd5 cxd5 4.Nc3 Nf6 5.Bf4 Nc6 6.e3 a6 7.Bd3 Bg4 8.f3 Bc8
9.Nge2 e6 10.e4 Be7 11.e5 Nd7 12.Be3 b5 13.O-O Nb6 14.b3 Bd7 15.f4 g6 16.g4 f5
17.exf6 Bxf6 18.Ng3 O-O 19.Nce2 Qe7 20.Kg2 Rac8 21.g5 Bg7 22.h4 Qd6 23.h5 Ne7
24.Qd2 Nf5 25.Nxf5 exf5 26.h6 Bh8 27.Ng1 Ra8  1/2-1/2

[Event "ISR-chT"]
[Site "Israel"]
[Date "1996.??.??"]
[Round "10"]
[White "Kaspi, Alexander"]
[Black "Idelstein, Moshe"]
[Result "1-0"]
[WhiteElo "2475"]
[BlackElo "2225"]

1.c4 c6 2.d4 d5 3.Nf3 Nf6 4.Qb3 Qb6 5.Nc3 Bf5 6.c5 Qxb3 7.axb3 Na6 8.e4 Nb4
9.Ra4 Nc2+ 10.Kd2 dxe4 11.Nh4 Nxd4 12.Rxd4 e5 13.Ra4 Be6 14.Nxe4 Bxb3 15.Nxf6+ gxf6
16.Rb4 O-O-O+ 17.Kc3 Be6 18.Be3 Rd1 19.Ra4 f5 20.Kc2 f4 21.Rxa7 Kb8 22.Kxd1 Kxa7
23.Bd2 Bxc5 24.Ke1 Rd8 25.Bc3 e4 26.f3 e3 27.g3 b5 28.Ng2 fxg3 29.hxg3 b4
30.Bf6 Rd2 31.Nf4 Bb3 32.Be2 Rc2 33.Nd3 Bd6 34.f4 Bc4 35.Rxh7 c5 36.Rh8 Rd2
37.Rd8 Bxd3 38.Bxd3 Rxd3 39.Be7 Rd2 40.Rxd6 Rxb2 41.Rc6  1-0

[Event "Italy op"]
[Site "Italy"]
[Date "1996.??.??"]
[Round "5"]
[White "Vignato, Giovanni"]
[Black "Laketic, Gojko"]
[Result "0-1"]
[WhiteElo "2080"]
[BlackElo "2465"]

1.c4 c6 2.d4 d5 3.cxd5 cxd5 4.Nc3 Nc6 5.Nf3 Nf6 6.Bf4 e6 7.e3 Be7 8.Bd3 Nh5
9.Be5 Nf6 10.a3 Nxe5 11.dxe5 Nd7 12.Rc1 a6 13.b4 a5 14.Nb5 O-O 15.Nc7 Rb8
16.Qa4 axb4 17.axb4 Nb6 18.Qa7 Bxb4+ 19.Ke2 Nd7 20.Nd4 Nxe5 21.Qxb8 Nxd3
22.Kxd3 e5 23.Nce6 fxe6 24.Qxe5 Qb6 25.e4 Qa6+ 26.Ke3 Bd6 27.Qh5 Bf4+  0-1

[Event "ISR-ch"]
[Site "Jerusalem"]
[Date "1996.??.??"]
[Round "2"]
[White "Hadas, Yaron"]
[Black "Gurevich, Gregory"]
[Result "1/2-1/2"]
[WhiteElo "2230"]
[BlackElo "2355"]

1.c4 c6 2.Nf3 d5 3.g3 Nf6 4.Bg2 Bg4 5.O-O Nbd7 6.cxd5 cxd5 7.h3 Bh5 8.d3 e6
9.Nc3 Be7 10.e4 Nb6 11.Qb3 O-O 12.g4 Bg6 13.Ne5 Bc5 14.Nxg6 hxg6 15.Bg5 dxe4
16.dxe4 Qb8 17.Rac1 Qe5 18.Bxf6 gxf6 19.Ne2 g5 20.a4 Rfd8 21.Rfd1 Be7 22.Qb5 Qxb5
23.axb5 Rxd1+ 24.Rxd1 Rc8 25.Ra1 Rc2 26.Bf1 Nc8 27.Rc1 Rxc1 28.Nxc1 Bc5 29.Nb3 Bb6
30.Bd3 Ne7 31.Nd2 Bc5 32.Nc4 b6 33.e5 Kg7 34.b3 Nd5 35.Bf1 Nc3 36.Kg2 Nd1
37.Be2 Nc3 38.Bd3 Nd5 39.Kf3 Nf4 40.Bf1 Ng6 41.Bd3 Nh4+ 42.Ke2 Ng2 43.Kd2 Nf4
44.Bf1 Bxf2 45.exf6+ Kxf6 46.Nd6 Bc5 47.Nc8 e5 48.Bd3 Ke6 49.Bc4+ Kd7 50.Nxa7 e4
51.Nc6 e3+ 52.Ke1 f6 53.Kf1 Nxh3 54.b4 Bd6 55.Ke2 Bf4 56.Nd4 Kd6 57.Kf3 Nf2
58.Nc6 Nd1 59.Nd4 Nc3 60.Bb3 Nb1 61.Ke2 Nd2 62.Bg8 Ne4 63.Bc4 Nc3+ 64.Kd3 Nd5
65.Nc6 Bh2 66.Ke4 e2 67.Bxe2 Nc3+ 68.Kf3 Nxe2 69.Kxe2 Kd5 70.Kf3 Bf4 71.Na7 Kd4
72.Nc6+ Kc4 73.Na7 Kd3 74.Nc6 Bd6 75.Na7 Bxb4 76.Nc6 Bd6  1/2-1/2

[Event "ISR-ch"]
[Site "Jerusalem"]
[Date "1996.??.??"]
[Round "2"]
[White "Psakhis, Lev"]
[Black "Porper, Eduard"]
[Result "1-0"]
[WhiteElo "2590"]
[BlackElo "2425"]

1.c4 c6 2.e4 d5 3.exd5 cxd5 4.d4 Nf6 5.Nc3 e6 6.Nf3 Be7 7.cxd5 Nxd5 8.Bc4 Nxc3
9.bxc3 Qc7 10.Qe2 O-O 11.O-O Nd7 12.Bb2 Nf6 13.Bd3 b6 14.Ne5 Bb7 15.f4 g6
16.c4 Rad8 17.Rae1 Bb4 18.Rd1 Qe7 19.Qe3 a6 20.a4 Ba8 21.Kh1 Qb7 22.Qh3 Rd6
23.Rf3 Qe7 24.Re3 b5 25.c5 Rdd8 26.Qh6 bxa4 27.f5 a3 28.Ba1 Bd5 29.Rf1 exf5
30.Rh3 Rfe8 31.Bxf5 Qf8 32.Qg5 Qg7 33.Bd3 Nd7 34.Nc4 f5 35.Nd6 Rf8 36.Rg3 Qf6
37.Qf4 Kh8 38.Qc1 Nb8 39.Bc4 Rxd6 40.cxd6 Qxd6 41.Bxd5 Qxd5 42.Rxg6 f4 43.Qc5 Rd8
44.Rg5 Bxc5 45.dxc5+ Qd4 46.Rf5 Nc6 47.R5xf4 Qxa1 48.Rxa1 Rd5 49.h3 Rxc5
50.Rxa3 a5 51.Rf7  1-0

[Event "ISR-ch"]
[Site "Jerusalem"]
[Date "1996.??.??"]
[Round "6"]
[White "Hadas, Yaron"]
[Black "Rotman, Daniel"]
[Result "1/2-1/2"]
[WhiteElo "2230"]
[BlackElo "2345"]

1.c4 c6 2.Nf3 d5 3.g3 Nf6 4.Bg2 Bg4 5.h3 Bxf3 6.Bxf3 e6 7.O-O Nbd7 8.cxd5 exd5
9.d3 Bc5 10.Nc3 O-O 11.Bf4 Qe7 12.Qb3 Ne5 13.Bg2 Ng6 14.Bg5 Rab8 15.e4 d4
16.Ne2 h6 17.Bd2 Rfd8 18.Kh2 Qc7 19.f4 Qb6 20.Qxb6 axb6 21.Rfc1 Be7 22.a4 Nf8
23.a5 bxa5 24.Rxa5 Ne6 25.b4 Nc7 26.Ng1 Nb5 27.Ra4 Ne8 28.Nf3 Nec7 29.Ne5 Ra8
30.Ra5 Na6 31.Rca1 Nbc7 32.Rb1 Nb5 33.Rba1 Nbc7 34.Rb1 Nb5  1/2-1/2

[Event "Kassel op"]
[Site "Kassel"]
[Date "1996.??.??"]
[Round "7"]
[White "Peschel, Andreas"]
[Black "Bruchmann, Stephan"]
[Result "0-1"]
[WhiteElo "2150"]
[BlackElo "2190"]

1.c4 c6 2.d4 d5 3.Nc3 e5 4.e3 e4 5.Bd2 Nf6 6.Rc1 a6 7.cxd5 cxd5 8.Qb3 Nc6
9.Nge2 Na5 10.Qc2 Be7 11.f3 exf3 12.gxf3 O-O 13.Ng3 g6 14.Bd3 Bh3 15.Kf2 Re8
16.b3 Nc6 17.Qb2 Rc8 18.Nce2 Bd6 19.Rhe1 Qe7 20.Rcd1 Ba3 21.Qb1 Bd7 22.Nc3 Qf8
23.Na4 Rcd8 24.Nb6 Bh3 25.Bf1 Bxf1 26.Nxf1 Bd6 27.Ng3 Qh6 28.Kg2 Qh4 29.Nf1 Re7
30.Bc1 Rde8 31.Qb2 Nb4 32.a3 Nd3 33.Rxd3 Qxe1 34.Rc3 Bxa3 35.Qc2 Bxc1 36.Qxc1 Qxc1
37.Rxc1 Re6 38.Na4 Rc6 39.Rxc6 bxc6 40.Nc5 a5 41.Kf2 h5 42.Nd2 Re7 43.Nb1 g5
44.Nd3 Nd7 45.Nc3 Kg7 46.e4 Nf6 47.Ne5 Rb7 48.Nxc6 Rxb3 49.Nxd5 Nxd5 50.exd5 a4
51.d6 Rb7 52.Na5 Ra7 53.Nc4 a3 54.d7 Rxd7 55.Nxa3 Rxd4 56.Nb5 Rd2+ 57.Kg3 f5
58.Nc7 Kf6 59.Ne8+ Ke5 60.Ng7 h4+ 61.Kh3 Rd7  0-1

[Event "Koszalin op"]
[Site "Koszalin"]
[Date "1996.??.??"]
[Round "9"]
[White "Gorbatow, Alexej"]
[Black "Kuczynski, Robert"]
[Result "0-1"]
[WhiteElo "2430"]
[BlackElo "2495"]

1.c4 c6 2.e4 d5 3.exd5 cxd5 4.cxd5 Nf6 5.Bb5+ Nbd7 6.Nc3 a6 7.Bxd7+ Qxd7
8.Qb3 Qg4 9.Kf1 g6 10.Nf3 Bg7 11.d4 O-O 12.Be3 b5 13.h3 Qf5 14.Ne5 Bb7 15.Rc1 h5
16.Rg1 h4 17.g4 hxg3 18.Rxg3 Rad8 19.d6 e6 20.Ke2 Nh5 21.Rg5 Nf4+ 22.Bxf4 Qxf4
23.Rcg1 Qxd4 24.R1g4 Qxd6 25.Qc2 f5 26.Nxg6 fxg4 27.Ne5 Rf5  0-1

[Event "Koszalin op"]
[Site "Koszalin"]
[Date "1996.??.??"]
[Round "9"]
[White "Sher, Miron N"]
[Black "Labuckas, Aidas"]
[Result "1-0"]
[WhiteElo "2500"]
[BlackElo "2395"]

1.c4 c6 2.e4 d5 3.exd5 Nf6 4.d4 cxd5 5.Nc3 e6 6.Nf3 Bb4 7.Bd3 dxc4 8.Bxc4 Nd5
9.Qd3 Nc6 10.O-O O-O 11.Bb3 Be7 12.a3 Nxc3 13.bxc3 Bf6 14.Re1 b6 15.h4 Bb7
16.Ng5 g6 17.Qh3 e5 18.dxe5 Nxe5 19.Bf4 Qc7 20.Qg3 Rae8 21.Re3 Qc6 22.Rae1 Nd3
23.Bxf7+ Rxf7 24.Rxe8+ Rf8 25.Rxf8+ Kxf8 26.Bd6+ Kg8 27.Re3 Nb2 28.Rf3 Bg7
29.Qf4 Nc4 30.Qf7+ Kh8 31.Bf8  1-0

[Event "La Coruna op"]
[Site "La Coruna"]
[Date "1996.??.??"]
[Round "?"]
[White "Hernando Rodrigo, Jose Maria"]
[Black "Diaz Nunez, Adolfo"]
[Result "0-1"]
[WhiteElo "2280"]
[BlackElo "2105"]

1.c4 c6 2.Nf3 d5 3.d4 Nf6 4.e3 g6 5.Bd3 Bg7 6.Nbd2 O-O 7.O-O Nbd7 8.a4 a5
9.b3 e5 10.cxd5 Nxd5 11.Bb2 exd4 12.Bxd4 Bxd4 13.Nxd4 Ne5 14.Nc4 Qf6 15.Rc1 Bg4
16.Be2 Nxc4 17.Bxg4 Ne5 18.Bh3 Rfd8 19.Qe2 Nb4 20.f4 Ned3 21.Rc3 Rxd4 22.f5 g5
23.exd4 Qxd4+ 24.Kh1 Qxc3 25.f6 Qd4 26.Bf5 Rd8 27.h3 Nf4 28.Qg4 Ng6 29.Be4 Nd5
30.Qf5 Qc5 31.Qf3 Re8 32.Bxd5 cxd5 33.Qh5 Qd6 34.Qxg5 Re5 35.Qg4 d4 36.Qc8+ Nf8
37.Qg4+ Ng6 38.Qc8+ Nf8 39.Qg4+ Ng6 40.Qc8+ Qf8 41.Qxb7 Qe8 42.Qb6 Re1 43.Rxe1 Qxe1+
44.Kh2 Qe5+ 45.g3 h5 46.h4 Qe2+ 47.Kh1 Qf1+ 48.Kh2 Qf2+ 49.Kh1 Qxg3 50.Qxa5 Qxh4+
51.Kg1 Qxf6 52.Qxh5 d3 53.Qd5 Nf4 54.Qd7 Qb6+ 55.Kf1 Qe3 56.Qd8+ Kh7 57.Qh4+ Kg6
58.Qg4+ Kf6 59.a5 d2 60.Qd1 Nd3 61.Kg2 Qf2+ 62.Kh3 Nb2 63.Qc2 Qf5+  0-1

[Event "Laguna olm blind"]
[Site "Laguna"]
[Date "1996.??.??"]
[Round "8"]
[White "Lilley, Graham"]
[Black "Mitkovski, Krume"]
[Result "1-0"]
[WhiteElo "2185"]
[BlackElo "2270"]

1.c4 c6 2.e4 d5 3.exd5 cxd5 4.cxd5 Nf6 5.Nc3 Nxd5 6.Bc4 e6 7.d4 Be7 8.Nf3 O-O
9.O-O Nc6 10.a3 b6 11.Qd3 Nf6 12.Bg5 Bb7 13.Rad1 Nd5 14.Ne4 h6 15.Bc1 Re8
16.Rfe1 Qc7 17.Ba2 Nf6 18.Bb1 Kf8 19.Nxf6 Bxf6 20.Qh7 Ne7 21.Ne5 Ng8 22.Bf4 Qd8
23.Nc4 Be7 24.Qh8 f5 25.Be5 Bf6 26.Bd6+ Be7 27.Rxe6 Bxd6 28.Rxe8+ Qxe8 29.Nxd6 Qe2
30.Rc1 Qd2 31.Rf1 Be4 32.Nxe4 fxe4 33.Ba2 Ke7 34.Qxg7+ Kd6 35.Bxg8  1-0

[Event "Las Palmas op"]
[Site "Las Palmas"]
[Date "1996.??.??"]
[Round "1"]
[White "Gulko, Boris F"]
[Black "Gonzalez Perez, Lutgarda"]
[Result "1-0"]
[WhiteElo "2615"]
[BlackElo "2205"]

1.c4 c6 2.e4 d5 3.exd5 cxd5 4.d4 Nf6 5.Nc3 Nc6 6.Bg5 Qa5 7.Bxf6 exf6 8.cxd5 Bb4
9.Qd2 Bxc3 10.bxc3 Qxd5 11.Ne2 O-O 12.Nf4 Re8+ 13.Be2 Qd6 14.O-O Bf5 15.Rfe1 Rac8
16.Bf3 Rxe1+ 17.Rxe1 Na5 18.Qe2 Be6 19.Bd5 Bxd5 20.Nxd5 Nc6 21.Nxf6+  1-0

[Event "Las Palmas op"]
[Site "Las Palmas"]
[Date "1996.??.??"]
[Round "3"]
[White "Gulko, Boris F"]
[Black "Rausis, Igors"]
[Result "1/2-1/2"]
[WhiteElo "2615"]
[BlackElo "2495"]

1.c4 c6 2.e4 d5 3.exd5 cxd5 4.d4 Nc6 5.Nc3 e6 6.Nf3 Nge7 7.Bf4 Ng6 8.Be3 Bb4
9.cxd5 exd5 10.Bd3 Nh4 11.Nxh4 Qxh4 12.O-O Bxc3 13.bxc3 O-O 14.Rb1 b6 15.Bb5 Bg4
16.Qd2  1/2-1/2

[Event "Las Palmas op"]
[Site "Las Palmas"]
[Date "1996.??.??"]
[Round "6"]
[White "Miezis, Normunds"]
[Black "San Segundo, Pablo"]
[Result "1-0"]
[WhiteElo "2530"]
[BlackElo "2505"]

1.c4 c6 2.e4 d5 3.cxd5 cxd5 4.exd5 Nf6 5.Nc3 Nxd5 6.Nf3 Nc6 7.Bb5 e6 8.O-O Be7
9.d4 O-O 10.Re1 Bf6 11.Ne4 Nce7 12.Bd3 Bd7 13.Ne5 Bc6 14.Bg5 Bxg5 15.Nxg5 Nf6
16.Qc2 g6 17.Rad1 Rc8 18.Qd2 Qd5 19.Ngf3 Kg7 20.b3 Qd6 21.Ng5 Qd5 22.Bf1 Nf5
23.f3 Qd6 24.Ne4 Qe7 25.Qf2 Bd5 26.Nxf6  1-0

[Event "Las Palmas op"]
[Site "Las Palmas"]
[Date "1996.??.??"]
[Round "8"]
[White "Gonzalez Aguirre, Luis"]
[Black "Gonzalez Perez, Lutgarda"]
[Result "1/2-1/2"]
[WhiteElo "2145"]
[BlackElo "2205"]

1.c4 c6 2.e4 d5 3.exd5 cxd5 4.d4 Nc6 5.Nc3 Nf6 6.Nf3 e6 7.Bg5 dxc4 8.Bxc4 Be7
9.O-O O-O 10.a3 b6 11.Qd3 Bb7 12.Rad1 Rc8 13.Ba2 Re8 14.Bb1 g6 15.Bh6 Bf8
16.Bxf8 Kxf8 17.Rfe1 Ne7 18.Ne5 Ned5 19.Ne2 Kg7 20.Qd2 b5 21.Ng3 a5 22.Nd3 Ba8
23.f3 Rb8 24.Nc5 b4 25.a4 Nb6 26.b3 Nbd5 27.Qf2 Nc3 28.Rd2 Rb6 29.Be4 Rd6
30.Bxa8 Qxa8 31.Nge4 Nfxe4 32.fxe4 Rc6 33.Rf1 Qa7 34.Qf6+ Kg8 35.Rdf2 Re7
36.Re1 Qc7 37.e5 Nd5 38.Qh4 Qd8 39.Rf3 Qf8 40.Ne4 Rec7 41.Rh3 h6 42.Nc5 Kh7
43.Qf2 Kg7 44.Qd2 Kh7 45.Re4 Ne7 46.g4 Nd5 47.Rf3 Qe7 48.Rh3 Qf8 49.Rf3 Qe7  1/2-1/2

[Event "Lazne Bohdanec"]
[Site "Lazne Bohdanec"]
[Date "1996.??.??"]
[Round "11"]
[White "Meduna, Eduard"]
[Black "Blatny, Pavel"]
[Result "1/2-1/2"]
[WhiteElo "2435"]
[BlackElo "2515"]

1.c4 c6 2.d4 d5 3.cxd5 cxd5 4.Nc3 Nf6 5.Bf4 Nc6 6.Nf3 Bf5 7.e3 e6 8.Bd3 Bxd3
9.Qxd3 Bd6 10.Bxd6 Qxd6 11.O-O O-O 12.Rfc1  1/2-1/2

[Event "Le Touquet op"]
[Site "Le Touquet"]
[Date "1996.??.??"]
[Round "?"]
[White "Levin, Felix"]
[Black "Legky, Nikolay A"]
[Result "1/2-1/2"]
[WhiteElo "2480"]
[BlackElo "2510"]

1.c4 c6 2.d4 d5 3.Nf3 Nf6 4.Nc3 e6 5.Bg5 dxc4 6.e4 b5 7.e5 h6 8.Bh4 g5 9.Nxg5 hxg5
10.Bxg5 Nbd7 11.g3 Rg8 12.h4 Rxg5 13.hxg5 Nd5 14.g6 fxg6 15.Qg4 Qe7 16.Bg2 Qf7
17.Be4 Ne7 18.Rh8 Nb6 19.Ke2 b4 20.Rah1 bxc3 21.R1h7 Qxh7 22.Rxh7 cxb2 23.Qf3 Bb7
24.Bxg6+ Nxg6 25.Qf7+ Kd8 26.Qc7+ Ke8  1/2-1/2

[Event "Leon University tt (Women)"]
[Site "Leon"]
[Date "1996.??.??"]
[Round "5"]
[White "Timon Piote, Silvia"]
[Black "Trabert, Bettina"]
[Result "0-1"]
[WhiteElo "2175"]
[BlackElo "2225"]

1.c4 c6 2.Nc3 d5 3.d4 e6 4.Nf3 dxc4 5.a4 Bb4 6.Bg5 Qc7 7.e3 b5 8.Be2 Bb7
9.O-O a6 10.Bf4 Qb6 11.Ne4 Nd7 12.a5 Qa7 13.Nfg5 Ngf6 14.Bh5 Nxe4 15.Nxf7 Ke7
16.Nxh8 Rxh8 17.Qg4 Rg8 18.Bg5+ Nxg5 19.Qxg5+ Nf6 20.f4 c5 21.d5 Bxd5 22.f5 Qc7
23.fxe6 Bxe6 24.Bf3 h6 25.Qh4 Qe5 26.Kh1 Rd8 27.Rad1 Bxa5 28.Ra1 Bc7 29.Rxa6 Qxb2
30.Ra7 Qe5 31.Qf4 Qxf4 32.exf4 Rd7 33.Bc6 b4 34.Bxd7 Kxd7 35.Rd1+ Kc6 36.Ra6+ Bb6
37.Kg1 c3 38.Rc1 Bf5 39.Kf2 c2 40.Ra2 b3  0-1

[Event "Liechtenstein op"]
[Site "Liechtenstein"]
[Date "1996.??.??"]
[Round "5"]
[White "Bischoff, Klaus"]
[Black "Ballon, Guenther Jan"]
[Result "1-0"]
[WhiteElo "2520"]
[BlackElo "2245"]

1.c4 c6 2.Nf3 d5 3.e3 Nf6 4.Nc3 e6 5.b3 Nbd7 6.Bb2 Bd6 7.Be2 Qe7 8.Qc2 O-O
9.O-O Ba3 10.Bxa3 Qxa3 11.d4 Qe7 12.Rfc1 Re8 13.Qb2 h6 14.h3 Qd6 15.Rc2 e5
16.dxe5 Nxe5 17.Rd1 Bf5 18.Rcd2 Ne4 19.Rd4 Nxc3 20.Qxc3 Be4  1-0

[Event "Liechtenstein op"]
[Site "Liechtenstein"]
[Date "1996.??.??"]
[Round "7"]
[White "Bischoff, Klaus"]
[Black "Gaertner, Guntram"]
[Result "1-0"]
[WhiteElo "2520"]
[BlackElo "2350"]

1.c4 c6 2.Nf3 d5 3.e3 Nf6 4.Nc3 a6 5.b3 Bf5 6.Be2 e6 7.O-O Nbd7 8.Bb2 h6
9.d3 Be7 10.e4 dxe4 11.Nxe4 O-O 12.Ng3 Bh7 13.d4 Ne4 14.Bd3 Nxg3 15.Bxh7+ Kxh7
16.hxg3 Qa5 17.Re1 Rad8 18.d5 cxd5 19.cxd5 Nc5 20.Qc2+ Kg8 21.Bc3 Qc7 22.Be5 Bd6
23.b4 Bxe5 24.Rxe5 g5 25.Qxc5  1-0

[Event "Anibal op 3rd"]
[Site "Linares"]
[Date "1996.??.??"]
[Round "?"]
[White "Kozul, Zdenko"]
[Black "Kadimova, Ilaha"]
[Result "1-0"]
[WhiteElo "2580"]
[BlackElo "2325"]

1.c4 c6 2.Nf3 d5 3.e3 Nf6 4.Nc3 e6 5.Qc2 Nbd7 6.a3 Bd6 7.b4 a5 8.b5 O-O 9.Bb2 e5
10.Be2 Re8 11.bxc6 bxc6 12.cxd5 cxd5 13.Nb5 Bb8 14.Rc1 Qb6 15.O-O Bb7 16.Ba1 h6
17.Rb1 Rc8 18.Qf5 Qe6 19.Qxe6 fxe6 20.Rfc1 a4 21.Rxc8+ Bxc8 22.Kf1 Ba6 23.Rb4 e4
24.Nfd4 Nc5 25.Nc6 Nfd7 26.Bc3 Bxb5 27.Rxb5 Bd6 28.Bg4 Kf7 29.Ke2 Rc8 30.Nb4 Rb8
31.Ra5 Rb7 32.Ra8 Nb6 33.Rh8 Rb8 34.Bh5+ Ke7 35.Nc6+  1-0